Best Movie Franchises - Statistics

General Stats
  • This quiz has been taken 55 times
  • The average score is 8 of 30
Answer Stats
Hint Answer % Correct
3. (12 movies) Star Wars
74%
1. (25 movies) James Bond
72%
5. (11 movies) Wizarding World
70%
4. (6 movies) Middle Earth
65%
30. (11 movies) Fast & Furious
56%
11. (34 movies) Marvel Cinematic Universe
56%
6. (5 movies) Indiana Jones
44%
19. (13 movies) Star Trek
37%
15. (6 movies) Scream
30%
10. (5 movies) Toy Story
30%
12. (5 movies) Pirates of the Caribbean
28%
23. (13 movies) Halloween
26%
29. (7 movies) Jurassic Park
26%
9. (7 movies) Alien
23%
8. (7 movies) Mission: Impossible
23%
21. (6 movies) The Terminator
21%
20. (5 movies) Die Hard
19%
24. (5 movies) The Hunger Games
19%
7. (38 movies) Godzilla
16%
26. (4 movies) The Matrix
16%
14. (14 movies) X-Men
14%
22. (9 movies) Rocky
12%
27. (4 movies) Shrek
12%
28. (4 movies) John Wick
9%
13. (5 movies) Mad Max
9%
16. (10 movies) Planet of the Apes
9%
18. (5 movies) Jason Bourne
7%
17. (5 movies) Evil Dead
5%
25. (4 movies) Lethal Weapon
5%
2. (46 movies) Universal Classic Monsters
2%
No matching quizzes found
Score Distribution
Percent of People with Each Score
Percentile by Number Answered
Your Score History
You have not taken this quiz